| 000 | 01152nam a2200241Ia 4500 | ||
|---|---|---|---|
| 999 |
_c52852 _d52852 |
||
| 001 | 19882 | ||
| 003 | GE_BSU | ||
| 005 | 20200424160903.0 | ||
| 008 | 181216s1959||||ge |||||||||||||| ||geo|| | ||
| 040 | _cGE_BSU | ||
| 041 | _ageo | ||
| 080 | _a811.353.1-26 ძ-63 | ||
| 100 |
_aძიძიგური , შოთა. _97978 |
||
| 245 |
_aქართული სალიტერატურო ენის ისტორიისათვის : _bკავშირები და საკავშირებელი სიტყვები / _cშოთა ძიძიგური ; რედაქტორი რ. ბეჟანიშვილი. |
||
| 264 |
_aთბილისი : _bსაბჭოთა საქართველო, _c1959. |
||
| 300 |
_a392 გვ. ; _c20 სმ |
||
| 541 | _h2ლ. | ||
| 653 | _aკავშირები ქართულ ენაში | ||
| 653 | _aქართული ენა | ||
| 653 | _aქართული სალიტერატურო ენა | ||
| 700 |
_aბეჟანიშვილი, რ. _eრედაქტორი _97979 |
||
| 942 |
_cBK _2udc |
||